| 000 | 01184cab a2200265 4500 | ||
|---|---|---|---|
| 001 | ABS53057 | ||
| 008 | 090401t1995 xxu||||| |||| 00| 0 eng d | ||
| 035 | _a(Sirsi) u1635 | ||
| 041 | _aeng | ||
| 100 | _aLavers, A. | ||
| 245 | _aUse of collateral warranties in development finance: chimera not panacea - part 1 | ||
| 260 | _c1995 | ||
| 350 | _a0 | ||
| 490 |
_aProperty Review _v5(5) June 1995, 151-155(5) |
||
| 520 | _aExamines the use of collateral warranties to finance property development using established case law. Highlights the difficulties faced by using collateral warranties and concludes that enforcement issues mean that a significant proportion of warranties will fail to deliver the expected performance. Paper presented at the University of Ulster`s International Conference on Financial Management of Property and Construction. | ||
| 650 | _aCASE LAW | ||
| 650 | _aBUILT ENVIRONMENT-BUILDING CONTRACT FORMS-CONSTRUCTION COLLATERAL WARRANTY FORMS | ||
| 650 | _aDEVELOPMENT FINANCE | ||
| 650 | _aPROPERTY DEVELOPMENT | ||
| 650 | _aPROPERTY INVESTMENT | ||
| 690 | _aFINANCE AND INVESTMENT | ||
| 700 | _aKeeping, M. | ||
| 942 | _n0 | ||
| 948 | _c04/03/1997 | ||
| 999 |
_c932 _d932 |
||